00794nam a22002297a 4500003000400000005001700004008004100021020001500062040002300077050001600100100003500116245019500151250002200346264002800368300001700396336002200413337002400435338002400459650004900483942001500532999001700547OSt20260530115316.0260506b1973 |||a|||| |||| 00| 0 eng d a0262530260 aICIbspacICIerda aNK1505bP37 aChemayeff , Ivaneautor933707 aThe Design Necessity:bA Casebook of Federally Initiated Projects in Visual Communications, Interiors and Industrial Design, Architecture, Landscaped EnvironmentcIvan Chemayeff [entre otro] aPrimera edición aLondrebMIT Pressc1973 a80 páginas 2rdacontentatexto 2rdamediaasin medio 2rdacarrieravolumen aDiseño industrialxEstudios de caso933708 2ddcn1cBK c13596d13596